• 首页
  • 本馆介绍
  • 公告通知
  • 最新文献
  • 馆藏检索
  • 电子资源
  • 读者导购
  • 参考咨询
  • 我的图书馆
  • 登录
  • 详细信息显示
  • 放入我的书架
  • 预约/预借图书
  • 作者相关作品
  • 分类相关作品
  • 丛书相关作品
  • 出版社相关作品

书目信息

  • 表格格式
  • 工作单格式
  • 卡片格式
书名: Language acquisition
作者: Helen Goodluck著 ; 李行德导读.
分册号:
分册名:
出版地: 北京 :
 
出版社: 外语教学与研究出版社
出版时间: 2000.
页数: 21, 229 p. :
开本: 23 cm.
丛书名: 当代国外语言学与应用语言学文库
中图分类号:
科图分类号:
其他分类号: H0
主题词:
电子资源:
000 01765nam a2200673 a 4500
001 E0734216683
003 CAL
005 20070819093301.20
008 901109s2000 cc a rb 001 0 eng d
020    @a7560020429 :@cCNY22.90.
040    @aECNU@cECN
050  4 @aP118@b.G59 1991
082 04 @a401/.93@220
090    @aH0
093    @aH0@24
099    @dH0@ex162
100 1  @aGoodluck, Helen.
245 10 @aLanguage acquisition :@ba linguistic introduction = 从语言学的角度看语言习得 / @cHelen Goodluck著 ; 李行德导读.
246 31 @a从语言学的角度看语言习得
260    @a北京 :@b外语教学与研究出版社,@c2000.
300    @a21, 229 p. :@bill. ;@c23 cm.
440  0 @a当代国外语言学与应用语言学文库
500    @aReprint. Originally published: Oxford : Blackwell, 1991.
504    @aIncludes bibliographical references (p. [201]-219) and index.
650  0 @aLanguage acquisition.
650  0 @aGenerative grammar.
920    @a244050@z2
920    @a211010@z1
920    @a242020@z1
920    @a231010@z1
920    @a232010@z1
920    @a231220@z2
920    @a211030@z2
920    @a242250@z1
920    @a244020@z2
920    @a242120@z2
920    @a214010@z2
920    @a212010@z2
920    @a211410@z1
920    @a237010@z1
920    @a231280@z2
920    @a211050@z2
920    @a211230@z1
920    @a237385@z2
920    @a211260@z1
920    @a211060@z1
920    @a211270@z1
920    @a211162@z1
920    @a251430@z2
920    @a236010@z2
920    @a241061@z1
920    @a221020@z1
920    @a221060@z1
920    @a223140@z1
920    @a222020@z2
920    @a261020@z1
920    @a211020@z1
920    @a243160@z1
998    @aECN
    
    Language acquisition : : a linguistic introduction = 从语言学的角度看语言习得 / / Helen Goodluck著 ; 李行德导读.-北京 : : 外语教学与研究出版社, , 2000.
    21, 229 p. : : ill. ; ; 23 cm.- (当代国外语言学与应用语言学文库)
    Reprint. Originally published: Oxford : Blackwell, 1991.-Includes bibliographical references (p. [201]-219) and index.
    
    ISBN 7560020429 :CNY22.90.
    
●
相关链接 在E读中查询图书 在五车中查询图书 在当当中查询图书 在豆瓣中查询图书


正题名:Language acquisition     索取号:H0/x162         预约/预借

序号 登录号 条形码 馆藏地/架位号 状态 备注
1 0016821   300168217   第二样本阅览室/ [索取号:H0/x162] 在馆    
2 0016822   300168226   第四借阅区/ [索取号:H0/x162] 在馆    
3 0016823   300168235   第四借阅区/ [索取号:H0/x162] 在馆    
4 0016824   300168244   第四借阅区/ [索取号:H0/x162] 在馆    
5 0016825   300168253   第四借阅区/ [索取号:H0/x162] 在馆    
唐山师范学院图书馆 欢迎您!
大连网信软件有限公司© 版权所有